Statistics for Atletico - Real Madrid 2015-2016

Click here to take the quiz!

General Stats

  • This quiz has been taken 221 times
  • The average score is 21 of 30

Answer Stats

Answer% Correct
C. Ronaldo
96%
Karim Benzema ¹
96%
Sergio Ramos
96%
Marcelo
94%
Keylor Navas
93%
Luka Modric
93%
Daniel Carvajal
92%
Gareth Bale
92%
Raphaël Varane
92%
Toni Kroos
91%
Jan Oblak
89%
Carlos Casemiro
88%
Diego Godin
87%
A. Griezmann
83%
Isco
82%
Diego Simeone
79%
Juanfran
76%
Luis Filipe
73%
Fernando Torres
68%
Oliver Torres
68%
José Gimenez
64%
Gabi
63%
Rafael Benitez
57%
Yannick Carrasco
47%
Tiago
41%
Angel Correa
37%
Mateo Kovacic
28%
Alvaro Arbeloa
23%
Jackson Martinez
23%
Luciano Vietto ¹
19%

Score Distribution

Percentile by Number Answered

Percent of People with Each Score

Your Score History

You have not taken this quiz